000 00623nam a2200241Ia 4500
003 OSt
005 20220924143340.0
006 a|||||r|||| 00| 0
007 ta
008 220923b |||||||| |||| 00| 0 urd d
024 _a307834
037 _cTextual
040 _aARTS
_cARTS
_burd
041 _2urd
_aurd
082 _aB92, 168K2
100 _aChamu
_9215501
245 0 _aSooraj ki paidaish aur hout
260 _c1962
650 _aMATHEMATICS
_92141
700 _a Siddiqui Faroqq Ahmad
_9215502
942 _hB92, 168K2
_cTEXL
_2CC
999 _c454142
_d454142